A handbook of management and leadership (Record no. 106856)

MARC details
000 -LEADER
fixed length control field 00809cam a22002295a 4500
001 - CONTROL NUMBER
control field L137635
008 - FIXED-LENGTH DATA ELEMENTS--GENERAL INFORMATION
fixed length control field 070420s2005 xxkd f f 001 0 eng d
020 ## - INTERNATIONAL STANDARD BOOK NUMBER
International Standard Book Number 0749443448
035 ## - SYSTEM CONTROL NUMBER
System control number (Sirsi) u137635
041 0# - LANGUAGE CODE
Language code of text/sound track or separate title eng
050 04 - LIBRARY OF CONGRESS CALL NUMBER
Classification number 658.4 $2 18
100 1# - MAIN ENTRY--PERSONAL NAME
Personal name Armstrong, Michael
245 02 - TITLE STATEMENT
Title A handbook of management and leadership
Remainder of title a guide to managing results
260 ## - PUBLICATION, DISTRIBUTION, ETC.
Place of publication, distribution, etc. London
Name of publisher, distributor, etc. Kogan Page
Date of publication, distribution, etc. 2005
300 ## - PHYSICAL DESCRIPTION
Extent x, 242p.
Other physical details ill.
Dimensions 25cm.
350 ## - PRICE (NR) (BK AM CF MU VM SE) [OBSOLETE]
Price 27.50
520 ## - SUMMARY, ETC.
Summary, etc. Describes management theories and best practice. Covers roles, leadership and strategic management. Provides guidance on delivering change and enhancing customer relations. Promotes continuous improvement and quality management.
651 #4 - SUBJECT ADDED ENTRY--GEOGRAPHIC NAME
Geographic name International
690 ## - LOCAL SUBJECT ADDED ENTRY--TOPICAL TERM (OCLC, RLIN)
Topical term or geographic name as entry element MANAGEMENT
700 1# - ADDED ENTRY--PERSONAL NAME
Personal name Stephens, Tina
942 ## - ADDED ENTRY ELEMENTS (KOHA)
Suppress in OPAC 0
Holdings
Withdrawn status Lost status Source of classification or shelving scheme Damaged status Not for loan Home library Current library Shelving location Date acquired Cost, normal purchase price Total Checkouts Full call number Barcode Date last seen Date last checked out Copy number Cost, replacement price Price effective from Koha item type
    Dewey Decimal Classification     London London Books 04/05/2007 27.50 11 658.4 ARM 30073876 06/08/2019 17/08/2009 1 27.50 06/08/2019 Book